| 000 | 00364nam a22001457a 4500 | ||
|---|---|---|---|
| 999 |
_c7950 _d7950 |
||
| 003 | OSt | ||
| 005 | 20200610124314.0 | ||
| 008 | 200610b ||||| |||| 00| 0 eng d | ||
| 020 | _a9781941806357 | ||
| 082 |
_a720.92 _bKAH |
||
| 100 | _a Kahn, Louis I | ||
| 245 | _aLouis Kahn house of the nation | ||
| 260 |
_bLinks International _cSeptember 16, 2010 |
||
| 942 | _2ddc | ||